00913cam a22002778a 4500008004100000020002200041100001700063245013500080246004900215250001400264260004700278300004300325504004100368500002000409650001900429650002200448650001500470650001300485650003400498650003700532700002000569700001900589003000100608005001700609040000900626  a0443101019 (pbk.)1 aWaugh, Anne.10aRoss and Wilson anatomy and physiology in health and illness /cAnne Waugh, Allison Grant [with] illustrations by Graeme chambers.30aAnatomy and physiology in health and illness a10th ed.  aEdinburgh :bChurchill Livingstone,c2006. ax, 490 p.:bill. (some col.) ;c29 cm. aIncludes bibliographical references. aIncludes index. 0aHuman anatomy. 0aHuman physiology. 0aPathology. 0aNursing.12aAnatomyvNurses' Instruction.12aPhysiologyvNurses' Instruction.1 aGrant, Allison.1 aRoss, Janet S.20230120204113.0 cNUST